000 01204nam0a2200325 i 4500
001 RU\NLR\bibl\1942389
005 20241114210702.0
010 _a9785922113786
_9300
021 _aRU
_b2012-58802
_94305
035 _a(NLR Aleph) 001931651
090 _a3443965
_c3443965
100 _a20120906d2012 k y0rusy50 ca
101 0 _arus
102 _aRU
105 _aa |||||||||
200 1 _aЛинейные индукционные ускорители для релятивистских СВЧ-приборов
_fИ.И. Винтизенко
210 _aМосква
_cФИЗМАТЛИТ
_d2012
215 _a406, [1] с.
_cил.
_d22
320 _aБиблиогр. в конце гл.
606 _aЭлектронные приборы СВЧ
_92195716
_3RU\NLR\auth\661319668
606 _aЛинейные ускорители электронов индукционные
_92412654
_3RU\NLR\auth\661437380
686 _aВ381.3
686 _aЗ851.125
700 1 _aВинтизенко
_bИ. И.
_gИгорь Игоревич
_4070
801 0 _aRU
_bNLR
_c20120906
_gRCR
801 1 _aRU
_bNLR
_c20120906
830 _aавт. по кн.
942 _cBOOK
980 _aNBR